[Event "Wroclaw Open"]
[Site "?"]
[Date "2017.08.16"]
[Round "1.13"]
[White "Sivakumar, Ashvin"]
[Black "Wieczorek, Mikolaj"]
[Result "1-0"]
[BlackElo "1533"]
[WhiteElo "2221"]
[LiveChessVersion "1.4.6"]

1. d4 {[%clk 1:30:46]} Nf6 {[%clk 1:30:39]} 2. c4 {[%clk 1:30:53]} e6
{[%clk 1:30:49]} 3. Nf3 {[%clk 1:31:01]} c5 {[%clk 1:31:10]} 4. d5
{[%clk 1:31:02]} b5 {[%clk 1:31:27]} 5. dxe6 {[%clk 1:29:42]} fxe6
{[%clk 1:31:46]} 6. cxb5 {[%clk 1:30:04]} d5 {[%clk 1:31:37]} 7. e3
{[%clk 1:25:32]} Bd6 {[%clk 1:30:11]} 8. Nc3 {[%clk 1:24:41]} Bb7
{[%clk 1:26:40]} 9. e4 {[%clk 1:13:12]} Nbd7 {[%clk 1:21:55]} 10. Bg5
{[%clk 0:49:22]} Qe7 {[%clk 1:13:17]} 11. Bd3 {[%clk 0:43:35]} d4
{[%clk 1:12:25]} 12. Na4 {[%clk 0:42:32]} Qf7 {[%clk 1:06:37]} 13. Qe2
{[%clk 0:38:43]} O-O {[%clk 1:04:54]} 14. Bd2 {[%clk 0:24:50]} Qg6
{[%clk 0:57:13]} 15. Nh4 {[%clk 0:20:59]} Qg4 {[%clk 0:57:04]} 16. Qxg4
{[%clk 0:20:01]} Nxg4 {[%clk 0:57:26]} 17. Nf3 {[%clk 0:18:41]} Nde5
{[%clk 0:57:00]} 18. Be2 {[%clk 0:18:08]} Bxe4 {[%clk 0:56:53]} 19. h3
{[%clk 0:18:29]} Nf6 {[%clk 0:55:13]} 20. Nxe5 {[%clk 0:18:46]} Bxe5
{[%clk 0:54:52]} 21. f3 {[%clk 0:18:56]} Bc2 {[%clk 0:54:28]} 22. f4
{[%clk 0:19:16]} d3 {[%clk 0:50:06]} 23. fxe5 {[%clk 0:18:35]} dxe2
{[%clk 0:50:18]} 24. Nxc5 {[%clk 0:12:46]} Ne4 {[%clk 0:48:59]} 25. Nxe4
{[%clk 0:06:28]} Bxe4 {[%clk 0:49:14]} 26. Kxe2 {[%clk 0:06:57]} Bxg2
{[%clk 0:48:50]} 27. Rh2 {[%clk 0:06:51]} Bd5 {[%clk 0:48:30]} 28. b3
{[%clk 0:01:49]} Rf5 {[%clk 0:48:14]} 29. Bc3 {[%clk 0:01:56]} Rc8
{[%clk 0:47:12]} 30. Rc1 {[%clk 0:02:24]} Rxe5+ {[%clk 0:46:15]} 31. Bxe5
{[%clk 0:02:52]} Rxc1 {[%clk 0:45:06]} 32. Ke3 {[%clk 0:03:21]} Re1+
{[%clk 0:43:19]} 33. Re2 {[%clk 0:03:50]} Rxe2+ {[%clk 0:41:15]} 34. Kxe2
{[%clk 0:04:18]} Bb7 {[%clk 0:41:26]} 35. Ke3 {[%clk 0:03:42]} g5
{[%clk 0:41:25]} 36. Bf6 {[%clk 0:03:34]} h6 {[%clk 0:41:38]} 37. h4
{[%clk 0:03:53]} gxh4 {[%clk 0:41:01]} 38. Bxh4 {[%clk 0:04:10]} Kf7
{[%clk 0:41:25]} 39. Kf4 {[%clk 0:04:18]} Kg6 {[%clk 0:41:36]} 40. Ke5
{[%clk 0:04:42]} Kh5 {[%clk 0:41:12]} 41. Bf2 {[%clk 0:05:03]} a6
{[%clk 0:41:24]} 42. bxa6 {[%clk 0:04:39]} Bxa6 {[%clk 0:41:18]} 43. Kxe6
{[%clk 0:05:01]} Kg4 {[%clk 0:40:46]} 44. a4 {[%clk 0:03:30]} Kf3
{[%clk 0:40:20]} 45. Bc5 {[%clk 0:02:52]} h5 {[%clk 0:40:15]} 46. b4
{[%clk 0:03:13]} Bc4+ {[%clk 0:37:55]} 47. Kd6 {[%clk 0:03:08]} h4
{[%clk 0:37:23]} 48. Kc6 {[%clk 0:03:22]} Ke4 {[%clk 0:35:57]} 49. b5
{[%clk 0:02:44]} Bd5+ {[%clk 0:35:55]} 50. Kb6 {[%clk 0:03:02]} Kd3
{[%clk 0:31:00]} 51. a5 {[%clk 0:03:06]} Kc4 {[%clk 0:30:58]} 52. Bd6
{[%clk 0:03:30]} Be4 {[%clk 0:30:28]} 53. a6 {[%clk 0:02:16]} Ba8
{[%clk 0:28:12]} 54. a7 {[%clk 0:02:39]} h3 {[%clk 0:28:14]} 55. Bg3
{[%clk 0:01:21]} Kb4 {[%clk 0:27:30]} 56. Bh2 {[%clk 0:01:23]} Kc4
{[%clk 0:22:55]} 57. Bd6 {[%clk 0:01:47]} Bg2 {[%clk 0:16:27]} 58. Ka6
{[%clk 0:02:12]} h2 {[%clk 0:15:47]} 59. Bxh2 {[%clk 0:02:36]} Kc5
{[%clk 0:16:13]} 60. b6 {[%clk 0:01:50]} Bf1+ {[%clk 0:15:42]} 61. Kb7
{[%clk 0:02:08]} Bg2+ {[%clk 0:15:43]} 62. Kc7 {[%clk 0:02:30]} Kb5
{[%clk 0:15:20]} 63. b7 {[%clk 0:02:49]} Bxb7 {[%clk 0:15:32]} 64. Kxb7
{[%clk 0:03:10]} 1-0

[Event "Wroclaw Open"]
[Site "?"]
[Date "2017.08.16"]
[Round "1.14"]
[White "Gluch, Pawel"]
[Black "Gierulski, Kamil"]
[Result "0-1"]
[BlackElo "2210"]
[WhiteElo "1530"]
[LiveChessVersion "1.4.6"]

1. c4 {[%clk 1:30:50]} e6 {[%clk 1:29:45]} 2. Nc3 {[%clk 1:30:02]} c5
{[%clk 1:28:21]} 3. Nf3 {[%clk 1:28:07]} Nf6 {[%clk 1:26:47]} 4. g3
{[%clk 1:26:38]} Be7 {[%clk 1:26:27]} 5. Bg2 {[%clk 1:25:04]} O-O
{[%clk 1:26:42]} 6. O-O {[%clk 1:23:48]} Qc7 {[%clk 1:23:19]} 7. e4
{[%clk 1:20:01]} d6 {[%clk 1:23:21]} 8. b3 {[%clk 1:18:19]} a6 {[%clk 1:19:42]}
9. d4 {[%clk 1:15:41]} cxd4 {[%clk 1:19:53]} 10. Nxd4 {[%clk 1:15:41]} Nc6
{[%clk 1:19:03]} 11. Be3 {[%clk 1:13:37]} Bd7 {[%clk 1:18:54]} 12. Rc1
{[%clk 1:11:01]} b6 {[%clk 1:18:06]} 13. h3 {[%clk 1:02:15]} Rfe8
{[%clk 1:15:53]} 14. Qd2 {[%clk 1:00:59]} Rab8 {[%clk 1:14:40]} 15. Nd5
{[%clk 0:59:45]} Qd8 {[%clk 1:13:05]} 16. Nxe7+ Qxe7 {[%clk 1:13:04]} 17. Rfd1
{[%clk 0:58:09]} Red8 {[%clk 1:12:26]} 18. Nxc6 {[%clk 0:54:22]} Bxc6
{[%clk 1:12:54]} 19. e5 {[%clk 0:53:53]} Bxg2 {[%clk 1:11:26]} 20. exf6
{[%clk 0:54:12]} Qb7 {[%clk 1:11:50]} 21. Kh2 {[%clk 0:50:24]} gxf6
{[%clk 1:08:22]} 22. Bh6 {[%clk 0:49:06]} e5 {[%clk 1:06:41]} 23. c5
{[%clk 0:48:22]} bxc5 {[%clk 1:06:31]} 24. Rxc5 {[%clk 0:48:44]} Qe7
{[%clk 1:05:18]} 25. Rc4 {[%clk 0:44:15]} Bf3 {[%clk 1:05:34]} 26. Rdc1
{[%clk 0:42:57]} Kh8 {[%clk 1:00:43]} 27. Qa5 {[%clk 0:41:39]} Qe6
{[%clk 0:59:05]} 28. Qxa6 {[%clk 0:37:58]} Be2 {[%clk 0:58:38]} 29. Qa7
{[%clk 0:36:30]} Bxc4 {[%clk 0:58:55]} 30. Rxc4 {[%clk 0:36:52]} Ra8
{[%clk 0:58:23]} 31. Qe3 {[%clk 0:33:35]} Rxa2 {[%clk 0:55:56]} 32. Rg4
{[%clk 0:31:37]} Rg8 {[%clk 0:56:19]} 33. Qb6 {[%clk 0:30:59]} Rxg4
{[%clk 0:56:24]} 34. hxg4 {[%clk 0:31:20]} Ra8 {[%clk 0:56:25]} 35. g5
{[%clk 0:30:41]} fxg5 {[%clk 0:56:38]} 36. Bxg5 {[%clk 0:31:01]} Kg7
{[%clk 0:57:01]} 0-1

[Event "Wroclaw Open"]
[Site "?"]
[Date "2017.08.16"]
[Round "1.15"]
[White "Slacky, Stanislav"]
[Black "Vanduyfhuys, Igor"]
[Result "1-0"]
[BlackElo "1530"]
[WhiteElo "2210"]
[LiveChessVersion "1.4.6"]

1. d4 {[%clk 1:30:53]} d5 {[%clk 1:30:39]} 2. Nf3 {[%clk 1:31:13]} Nf6
{[%clk 1:30:40]} 3. g3 {[%clk 1:31:30]} g6 {[%clk 1:30:49]} 4. Bg2
{[%clk 1:31:54]} Bg7 {[%clk 1:30:27]} 5. O-O {[%clk 1:32:06]} Nbd7
{[%clk 1:30:39]} 6. c4 {[%clk 1:31:04]} e6 {[%clk 1:27:58]} 7. b3
{[%clk 1:29:26]} O-O {[%clk 1:26:23]} 8. Bb2 {[%clk 1:29:21]} c5 {[%clk 1:26:00]}
9. cxd5 {[%clk 1:28:36]} Nxd5 {[%clk 1:26:15]} 10. Na3 {[%clk 1:28:00]} b6
{[%clk 1:23:54]} 11. Nc4 {[%clk 1:26:03]} Bb7 {[%clk 1:20:35]} 12. Nd6
{[%clk 1:21:48]} Bc6 {[%clk 1:20:05]} 13. e4 {[%clk 1:19:34]} Ne7
{[%clk 1:17:11]} 14. Qe2 {[%clk 1:16:38]} Qc7 {[%clk 1:16:10]} 15. e5
{[%clk 1:10:48]} Nd5 {[%clk 1:11:47]} 16. Rac1 {[%clk 1:09:16]} Rad8
{[%clk 1:11:53]} 17. dxc5 {[%clk 1:06:55]} Nxc5 {[%clk 1:11:57]} 18. Nd4
{[%clk 1:02:58]} Ba8 {[%clk 1:07:15]} 19. f4 {[%clk 0:59:48]} Qe7
{[%clk 1:04:41]} 20. Rfd1 {[%clk 0:57:05]} Nb7 {[%clk 1:02:40]} 21. Nc6
{[%clk 0:55:15]} Qd7 {[%clk 1:02:43]} 22. Nxd8 {[%clk 0:54:41]} Nxd6
{[%clk 1:02:49]} 23. Bxd5 {[%clk 0:51:02]} Bxd5 {[%clk 1:02:44]} 24. Nc6
{[%clk 0:50:40]} Nf5 {[%clk 1:00:46]} 25. Nb4 {[%clk 0:49:43]} Ne7
{[%clk 1:00:50]} 26. Rd2 {[%clk 0:44:31]} Rd8 {[%clk 1:00:28]} 27. Rdc2
{[%clk 0:43:42]} a5 {[%clk 0:58:38]} 28. Rc7 {[%clk 0:39:41]} Qe8
{[%clk 0:54:58]} 29. Nc2 {[%clk 0:38:46]} Bf8 {[%clk 0:52:33]} 30. Bd4
{[%clk 0:34:22]} b5 {[%clk 0:49:13]} 31. Bb6 {[%clk 0:29:41]} Ra8
{[%clk 0:48:56]} 32. Ne3 {[%clk 0:29:40]} Qb8 {[%clk 0:47:06]} 33. Qxb5
{[%clk 0:28:23]} Bb7 {[%clk 0:44:42]} 34. Kf2 {[%clk 0:24:07]} Nc8
{[%clk 0:41:59]} 35. Qd7 {[%clk 0:23:01]} Ne7 36. Qb5 1-0

[Event "Wroclaw Open"]
[Site "?"]
[Date "2017.08.16"]
[Round "1.16"]
[White "Krzyzosiak, Anna"]
[Black "Jagodzinski, Piotr"]
[Result "0-1"]
[BlackElo "2177"]
[WhiteElo "1518"]
[LiveChessVersion "1.4.6"]

1. e4 {[%clk 1:30:58]} c6 {[%clk 1:30:56]} 2. d4 {[%clk 1:31:18]} d5
{[%clk 1:31:22]} 3. exd5 {[%clk 1:31:33]} cxd5 {[%clk 1:31:48]} 4. c4
{[%clk 1:31:32]} Nf6 {[%clk 1:32:13]} 5. Nc3 {[%clk 1:31:21]} Nc6
{[%clk 1:32:40]} 6. Nf3 {[%clk 1:30:25]} e6 {[%clk 1:33:08]} 7. Bg5
{[%clk 1:28:38]} Be7 {[%clk 1:33:36]} 8. cxd5 {[%clk 1:27:21]} Nxd5
{[%clk 1:32:16]} 9. Nxd5 {[%clk 1:26:49]} Bxg5 {[%clk 1:31:04]} 10. Nxg5
{[%clk 1:26:49]} Qxd5 {[%clk 1:30:17]} 11. Nf3 {[%clk 1:26:30]} O-O
{[%clk 1:30:40]} 12. a3 {[%clk 1:24:18]} Rd8 {[%clk 1:31:03]} 13. Rc1
{[%clk 1:22:43]} e5 {[%clk 1:15:48]} 14. Bc4 {[%clk 1:19:16]} Qa5+
{[%clk 1:10:15]} 15. Kf1 {[%clk 1:17:23]} e4 {[%clk 1:10:00]} 16. Ne1
{[%clk 1:13:30]} Nxd4 {[%clk 1:07:54]} 17. h4 {[%clk 1:11:22]} h5
{[%clk 1:02:48]} 18. b4 {[%clk 1:11:14]} Qe5 {[%clk 1:01:59]} 19. Nc2
{[%clk 1:10:26]} Bg4 {[%clk 1:02:20]} 20. Qd2 {[%clk 1:09:35]} Nb3
{[%clk 1:01:48]} 21. Qe3 {[%clk 1:07:36]} Nxc1 {[%clk 1:02:13]} 22. g3
{[%clk 1:06:50]} Rd1+ {[%clk 1:02:26]} 23. Ne1 {[%clk 1:07:02]} Bf3
{[%clk 1:01:11]} 24. Rg1 {[%clk 1:06:53]} Rc8 {[%clk 1:00:55]} 25. Bb3
{[%clk 1:06:35]} Qb5+ {[%clk 1:01:03]} 0-1

[Event "Wroclaw Open"]
[Site "?"]
[Date "2017.08.16"]
[Round "1.17"]
[White "Szczepaniak, Lukasz"]
[Black "Luberanski, Jakub"]
[Result "1/2-1/2"]
[BlackElo "1514"]
[WhiteElo "2163"]
[LiveChessVersion "1.4.6"]

1. c4 {[%clk 1:30:56]} e5 {[%clk 1:30:45]} 2. Nc3 {[%clk 1:31:15]} Nf6
{[%clk 1:31:02]} 3. g3 {[%clk 1:31:34]} c6 {[%clk 1:30:52]} 4. d4
{[%clk 1:27:52]} exd4 {[%clk 1:30:08]} 5. Qxd4 {[%clk 1:28:16]} d5
{[%clk 1:29:57]} 6. Bg5 {[%clk 1:25:34]} Be7 {[%clk 1:27:13]} 7. cxd5
{[%clk 1:15:02]} cxd5 {[%clk 1:27:14]} 8. Nf3 {[%clk 1:13:31]} Nc6
{[%clk 1:21:52]} 9. Qa4 {[%clk 1:13:44]} Qb6 {[%clk 1:19:28]} 10. Qb3
{[%clk 1:02:25]} Be6 {[%clk 1:12:44]} 11. Qxb6 {[%clk 0:59:21]} axb6
{[%clk 1:13:13]} 12. Bg2 {[%clk 0:56:02]} h6 {[%clk 1:11:05]} 13. Bd2
{[%clk 0:45:10]} Ne4 {[%clk 1:09:08]} 14. O-O {[%clk 0:38:18]} O-O
{[%clk 1:08:32]} 15. Rfd1 {[%clk 0:36:48]} Bc5 {[%clk 1:06:06]} 16. Be1
{[%clk 0:35:07]} Nb4 {[%clk 1:03:00]} 17. Rdc1 {[%clk 0:31:32]} Nxc3
{[%clk 0:57:25]} 18. bxc3 {[%clk 0:31:55]} Nc6 {[%clk 0:54:16]} 19. e3
{[%clk 0:28:45]} Na5 {[%clk 0:52:37]} 20. Nd2 {[%clk 0:25:19]} Rfd8
{[%clk 0:50:43]} 21. Bf1 {[%clk 0:19:52]} Bf5 {[%clk 0:49:52]} 22. a4
{[%clk 0:19:53]} Rac8 {[%clk 0:48:27]} 23. Bb5 {[%clk 0:11:52]} Be7
{[%clk 0:46:52]} 24. f3 {[%clk 0:07:35]} Bf6 {[%clk 0:45:58]} 25. Ra3
{[%clk 0:04:21]} Be7 {[%clk 0:46:14]} 26. Ra2 {[%clk 0:04:37]} Bf6
{[%clk 0:45:40]} 27. e4 {[%clk 0:02:21]} dxe4 {[%clk 0:44:52]} 28. Nxe4
{[%clk 0:02:45]} Bxe4 {[%clk 0:44:13]} 29. fxe4 {[%clk 0:03:14]} Nb3
{[%clk 0:43:48]} 30. Rb1 {[%clk 0:03:43]} Nc5 {[%clk 0:43:11]} 31. Re2
{[%clk 0:02:28]} Be5 {[%clk 0:41:58]} 32. Kg2 {[%clk 0:01:09]} Ne6
{[%clk 0:40:22]} 33. Bf2 {[%clk 0:01:02]} Bxc3 {[%clk 0:40:21]} 34. Bxb6
{[%clk 0:01:17]} Rd6 {[%clk 0:39:51]} 35. Be3 {[%clk 0:01:02]} Nd4
{[%clk 0:35:44]} 36. e5 {[%clk 0:01:20]} Rb6 {[%clk 0:34:47]} 37. Bxd4
{[%clk 0:01:27]} Bxd4 {[%clk 0:34:59]} 38. Rd1 {[%clk 0:01:49]} Bc5
{[%clk 0:33:07]} 39. Rd7 {[%clk 0:00:35]} Re6 {[%clk 0:29:34]} 40. Rxb7
{[%clk 0:00:50]} Bd4 {[%clk 0:29:41]} 41. Bd7 {[%clk 0:01:08]} Rxe5
{[%clk 0:30:00]} 42. Rd2 {[%clk 0:00:37]} Be3 {[%clk 0:29:57]} 43. Re2
{[%clk 0:00:37]} Bd4 {[%clk 0:29:29]} 44. Rxe5 {[%clk 0:00:46]} Rc2+
{[%clk 0:29:55]} 45. Kf3 {[%clk 0:00:50]} Bxe5 {[%clk 0:30:19]} 46. Bf5
{[%clk 0:00:40]} Rxh2 {[%clk 0:30:15]} 47. Re7 {[%clk 0:00:56]} Bd6
{[%clk 0:30:40]} 48. Re8+ {[%clk 0:01:02]} Bf8 {[%clk 0:31:08]} 49. a5
{[%clk 0:01:10]} Ra2 {[%clk 0:31:14]} 50. Ra8 {[%clk 0:01:33]} g6
{[%clk 0:31:28]} 51. Bd3 {[%clk 0:01:43]} Kg7 {[%clk 0:31:23]} 52. Ra7
{[%clk 0:01:39]} Bc5 {[%clk 0:31:10]} 53. Rxf7+ {[%clk 0:01:43]} Kxf7
{[%clk 0:31:35]} 54. Bc4+ {[%clk 0:02:11]} Kf6 {[%clk 0:31:50]} 55. Bxa2
{[%clk 0:02:37]} h5 {[%clk 0:32:02]} 56. a6 {[%clk 0:02:44]} Kg5 {[%clk 0:32:11]}
57. Bf7 {[%clk 0:03:08]} h4 {[%clk 0:32:16]} 58. g4 {[%clk 0:02:43]} h3
{[%clk 0:32:38]} 59. Kg3 {[%clk 0:02:27]} h2 {[%clk 0:32:54]} 60. Bd5
{[%clk 0:02:53]} Bd6+ {[%clk 0:33:08]} 61. Kg2 {[%clk 0:02:38]} Bb8
{[%clk 0:33:08]} 62. Be6 {[%clk 0:01:59]} Kf6 {[%clk 0:33:26]} 63. Bc8
{[%clk 0:02:25]} g5 {[%clk 0:33:33]} 64. Bb7 {[%clk 0:02:44]} Ke7
{[%clk 0:33:39]} 65. Kf2 {[%clk 0:03:04]} Kd6 {[%clk 0:33:09]} 66. Bh1
{[%clk 0:03:01]} Kc5 {[%clk 0:33:12]} 67. Ke3 Kb6 {[%clk 0:33:24]} 68. Bb7
{[%clk 0:03:34]} h1=Q {[%clk 0:33:42]} 69. Bxh1 {[%clk 0:04:00]} Kxa6
{[%clk 0:34:04]} 1/2-1/2

[Event "Wroclaw Open"]
[Site "?"]
[Date "2017.08.16"]
[Round "1.18"]
[White "Gonsior, Pawel"]
[Black "Dziodzio, Angelika"]
[Result "0-1"]
[BlackElo "2126"]
[WhiteElo "1500"]
[LiveChessVersion "1.4.6"]

1. d4 {[%clk 1:30:56]} Nf6 {[%clk 1:30:53]} 2. Nf3 {[%clk 1:31:06]} c5
{[%clk 1:31:02]} 3. e3 {[%clk 1:29:05]} e6 {[%clk 1:30:10]} 4. Be2
{[%clk 1:27:19]} d5 {[%clk 1:28:13]} 5. O-O {[%clk 1:25:43]} Bd6 {[%clk 1:24:55]}
6. b3 {[%clk 1:21:02]} O-O {[%clk 1:24:21]} 7. Bb2 {[%clk 1:20:13]} Nbd7
{[%clk 1:23:25]} 8. Nbd2 {[%clk 1:18:10]} b6 {[%clk 1:22:35]} 9. Rc1
{[%clk 1:16:35]} Bb7 {[%clk 1:19:24]} 10. c4 {[%clk 1:15:39]} Rc8
{[%clk 1:12:28]} 11. h3 {[%clk 1:02:34]} Qe7 {[%clk 1:06:33]} 12. Re1
{[%clk 0:49:53]} Rfd8 {[%clk 1:05:29]} 13. Bd3 {[%clk 0:42:18]} cxd4
{[%clk 0:50:15]} 14. Nxd4 {[%clk 0:41:50]} Nc5 {[%clk 0:48:16]} 15. Bc2
{[%clk 0:38:57]} dxc4 {[%clk 0:45:22]} 16. Nxc4 {[%clk 0:38:04]} Bb8
{[%clk 0:44:35]} 17. Qe2 {[%clk 0:36:27]} Bd5 {[%clk 0:31:04]} 18. Bb1
{[%clk 0:33:57]} e5 {[%clk 0:25:55]} 19. Nf5 {[%clk 0:32:15]} Qe6
{[%clk 0:25:51]} 20. Ng3 {[%clk 0:30:58]} g6 {[%clk 0:18:34]} 21. e4
{[%clk 0:28:08]} Bb7 {[%clk 0:18:11]} 22. Qe3 {[%clk 0:23:38]} Kh8
{[%clk 0:14:12]} 23. Qg5 {[%clk 0:21:09]} Nfd7 {[%clk 0:12:52]} 24. Rcd1
{[%clk 0:15:57]} f6 {[%clk 0:12:23]} 25. Qd2 {[%clk 0:15:27]} Bc7
{[%clk 0:11:29]} 26. Nd6 {[%clk 0:14:52]} Nf8 {[%clk 0:11:27]} 27. Nxc8
{[%clk 0:03:34]} Rxd2 {[%clk 0:11:46]} 28. Rxd2 {[%clk 0:03:54]} Qxc8
{[%clk 0:12:03]} 29. Red1 {[%clk 0:02:56]} a5 {[%clk 0:11:30]} 30. Bd3
{[%clk 0:02:42]} Qe8 {[%clk 0:10:58]} 31. f4 {[%clk 0:01:47]} Kg7
{[%clk 0:07:32]} 32. f5 {[%clk 0:01:51]} b5 {[%clk 0:06:14]} 33. Bc2
{[%clk 0:01:10]} g5 {[%clk 0:05:50]} 34. a3 {[%clk 0:01:09]} h5 {[%clk 0:06:12]}
35. b4 {[%clk 0:00:59]} axb4 {[%clk 0:05:59]} 36. axb4 {[%clk 0:01:19]} Ncd7
{[%clk 0:05:57]} 37. Bd3 {[%clk 0:01:30]} Nb8 {[%clk 0:04:56]} 38. Rc1
{[%clk 0:01:37]} Bb6+ {[%clk 0:05:23]} 39. Kh1 {[%clk 0:01:52]} Na6
{[%clk 0:05:23]} 40. Ba3 {[%clk 0:01:26]} Be3 {[%clk 0:05:38]} 0-1

[Event "Wroclaw Open"]
[Site "?"]
[Date "2017.08.16"]
[Round "1.19"]
[White "Czachor, Grzegorz"]
[Black "Veenstra, Catrines"]
[Result "1-0"]
[BlackElo "1474"]
[WhiteElo "2108"]
[LiveChessVersion "1.4.6"]

1. c4 e6 2. Nf3 Nf6 3. g3 c6 4. Bg2 d5 5. d4 Bb4+ 6. Bd2 Bxd2+ 7. Nbxd2 O-O 8.
O-O Nbd7 9. Qc2 Re8 10. Rfd1 Nf8 11. e4 dxe4 12. Nxe4 h6 13. Nc5 Ng6 14. Ne5 Ne7
15. Qc3 Rb8 16. Re1 Qc7 17. Ncd3 b6 18. b4 Bb7 19. a4 Rbc8 20. a5 Red8 21. Rad1
Nf5 22. Nf3 c5 23. dxc5 bxa5 24. b5 Ne4 25. Qe5 Nxc5 26. Nxc5 Rxd1 27. Rxd1 Qxe5
28. Nxe5 Bxg2 29. Ncd7 Be4 30. c5 Bc2 31. Rd2 Ba4 32. b6 Bxd7 33. b7 Rb8 34. Rxd7
a4 35. c6 1-0

[Event "Wroclaw Open"]
[Site "?"]
[Date "2017.08.16"]
[Round "1.20"]
[White "Lesniowski, Boguslaw"]
[Black "Kanicki, Krzysztof"]
[Result "0-1"]
[BlackElo "2098"]
[WhiteElo "1472"]
[LiveChessVersion "1.4.6"]

1. d4 {[%clk 1:30:58]} Nf6 {[%clk 1:30:53]} 2. c4 {[%clk 1:31:21]} g6
{[%clk 1:31:18]} 3. Nf3 {[%clk 1:31:46]} Bg7 {[%clk 1:31:43]} 4. Nc3
{[%clk 1:32:11]} O-O {[%clk 1:32:08]} 5. e4 {[%clk 1:32:35]} d6 {[%clk 1:32:33]}
6. Be2 {[%clk 1:32:32]} e5 {[%clk 1:32:57]} 7. dxe5 {[%clk 1:32:15]} dxe5
{[%clk 1:33:19]} 8. Qxd8 {[%clk 1:32:36]} Rxd8 {[%clk 1:33:44]} 9. Bg5
{[%clk 1:32:50]} Re8 {[%clk 1:31:24]} 10. O-O {[%clk 1:31:38]} Na6
{[%clk 1:30:12]} 11. h3 {[%clk 1:31:41]} Nc5 {[%clk 1:23:40]} 12. Nd2
{[%clk 1:31:37]} Ne6 {[%clk 1:23:03]} 13. Be3 {[%clk 1:31:42]} c6
{[%clk 1:18:23]} 14. Rfd1 {[%clk 1:31:16]} Nd4 {[%clk 1:17:29]} 15. Bd3
{[%clk 1:30:58]} Nh5 {[%clk 1:07:35]} 16. Nb3 {[%clk 1:26:15]} f5
{[%clk 1:01:35]} 17. Bf1 {[%clk 1:20:40]} Nc2 {[%clk 1:00:31]} 18. Rac1
{[%clk 1:20:10]} Nxe3 {[%clk 1:00:54]} 19. fxe3 {[%clk 1:20:33]} Bh6
{[%clk 0:59:11]} 20. Rd3 {[%clk 1:20:20]} Ng3 {[%clk 0:54:14]} 21. Rcd1
{[%clk 1:19:51]} fxe4 {[%clk 0:54:02]} 22. Rd8 {[%clk 1:20:08]} Bxe3+
{[%clk 0:54:21]} 23. Kh2 {[%clk 1:20:34]} Nxf1+ {[%clk 0:54:34]} 24. Kh1
{[%clk 1:20:25]} Rxd8 {[%clk 0:47:50]} 25. Rxd8+ {[%clk 1:19:31]} Kg7
{[%clk 0:45:33]} 26. Nxe4 {[%clk 1:19:48]} Bf5 {[%clk 0:40:34]} 27. Rxa8
{[%clk 1:16:20]} Bxe4 {[%clk 0:41:00]} 28. Rd8 {[%clk 1:15:35]} c5
{[%clk 0:32:14]} 29. Rd1 {[%clk 1:15:15]} Ng3+ {[%clk 0:32:14]} 30. Kh2
{[%clk 1:15:42]} Nf5 {[%clk 0:31:58]} 31. Rd7+ {[%clk 1:13:41]} Kh6
{[%clk 0:31:30]} 32. Nd2 {[%clk 1:13:34]} Bc6 {[%clk 0:31:28]} 33. Rd8
{[%clk 1:10:58]} Bg5 {[%clk 0:31:44]} 34. Rd3 {[%clk 1:09:35]} e4
{[%clk 0:32:07]} 35. Nxe4 {[%clk 1:10:00]} Bxe4 {[%clk 0:32:33]} 36. Rd7
{[%clk 1:10:03]} Nd4 {[%clk 0:32:37]} 37. b4 {[%clk 1:10:16]} Bc6
{[%clk 0:32:56]} 38. Rd6 {[%clk 1:10:29]} Bf4+ {[%clk 0:33:18]} 0-1

[Event "Wroclaw Open"]
[Site "?"]
[Date "2017.08.16"]
[Round "1.21"]
[White "Grossmann, Ryszard"]
[Black "Pietrzak, Tomasz"]
[Result "1-0"]
[BlackElo "1470"]
[WhiteElo "2073"]
[LiveChessVersion "1.4.6"]

1. c4 e6 2. Nf3 d5 3. b3 d4 4. g3 c5 5. Bg2 Nc6 6. O-O Be7 7. d3 g5 8. Nbd2 f5 9.
Ne1 h5 10. e3 e5 11. exd4 cxd4 12. a3 g4 13. b4 Qc7 14. Nc2 a5 15. Rb1 Qb6 16.
Re1 h4 17. b5 Nd8 18. Rxe5 Nf7 19. Re1 Bd7 20. Nb3 O-O-O 21. Nbxd4 Bc5 22. Be3
Ne7 23. Nc6 bxc6 24. bxc6 Qc7 25. Rb7 Qd6 26. cxd7+ Rxd7 27. Bf4 Rxb7 28. Bxb7+
1-0

[Event "Wroclaw Open"]
[Site "?"]
[Date "2017.08.16"]
[Round "1.22"]
[White "Barta, Ondrej"]
[Black "Zauner, Christoph"]
[Result "0-1"]
[BlackElo "2044"]
[WhiteElo "1454"]
[LiveChessVersion "1.4.6"]

1. d4 e6 2. c4 Nf6 3. Bg5 c5 4. Nc3 Qb6 5. Bxf6 gxf6 6. b3 cxd4 7. Ne4 Bb4+ 8.
Nd2 e5 9. Ngf3 e4 10. Nh4 e3 11. Nhf3 Nc6 12. a3 exd2+ 13. Nxd2 Bc3 14. Rb1 Qa5
15. e3 Bxd2+ 16. Qxd2 Qxd2+ 17. Kxd2 dxe3+ 18. Kxe3 d6 19. Bd3 Ne5 20. Be4 Ng4+
21. Ke2 f5 22. Bf3 Ne5 23. Bh5 Be6 24. Rhe1 O-O-O 25. Kf1 Rhe8 26. a4 Ng4 27. Kg1
d5 28. Rbd1 dxc4 29. Rxd8+ Rxd8 30. bxc4 Bxc4 31. Rc1 Kb8 32. h3 Nf6 33. Rxc4
Nxh5 34. Rc5 Rd1+ 35. Kh2 Ng7 36. a5 b6 37. Re5 Kc7 38. Re7+ Rd7 39. Re5 Kc6 40.
axb6 axb6 41. Re1 b5 42. Rc1+ Kd6 43. Kg1 b4 0-1